| 000 | 01207nam a2200313 c 4500 | ||
|---|---|---|---|
| 003 | BLK | ||
| 005 | 20231125145729.0 | ||
| 008 | 180413b bul|||||r ||||||| ||bul|| | ||
| 010 | _aKNG00027365000 | ||
| 020 |
_a954-492-129-Х _bиздат.: Нов Златорог |
||
| 040 | _aBLK | ||
| 041 |
_aFRE _cBUL |
||
| 080 |
_aФренска литература _b821.133.1 _x-22 _z821.133.1-22 |
||
| 100 | 1 |
_aМолиер _eпърви автор _gПоклен, Жан-Батист _9242470 |
|
| 700 | 1 |
_aКадийски, Кирил _eпрев. от фр. _9363853 |
|
| 139 |
_aМолиер _bМ 81 |
||
| 245 | 1 | 0 |
_aДосадниците _bКомедия-балет _cМолиер; прев. от фр. Кирил Кадийски. |
| 257 | _aFRA | ||
| 260 |
_аСофия _bНов Златорог _c1998 _f[София : ДФ Балканпрес] |
||
| 300 |
_a64 с. _c20 см |
||
| 380 | _aX | ||
| 500 | _aПрев. от Oeuvres de Moliere Деп. списък: депозит | ||
| 852 | _aЦб 200292 | ||
| 856 | 4 |
_qpdf _u |
|
| 856 | 4 |
_qpdf _u |
|
| 942 |
_cKNG _n0 _01 |
||
| 944 |
_aCR _c15.01.2003 _k30529 _lДиана Гривева |
||
| 944 |
_aED _c05.01.2017 _kЛили_Борисова |
||
| 999 |
_c24837 _d24837 |
||